First grade friends : Softball practice. (Record no. 113475)
[ view plain ]
| 000 -LEADER | |
|---|---|
| fixed length control field | 00365nam a2200133 a 4500 |
| 005 - DATE AND TIME OF LATEST TRANSACTION | |
| control field | 20140414132021.0 |
| 008 - FIXED-LENGTH DATA ELEMENTS--GENERAL INFORMATION | |
| fixed length control field | 110315s19uu xx 00 eng d |
| 050 ## - LIBRARY OF CONGRESS CALL NUMBER | |
| Classification number | TR |
| Item number | F51 2001 |
| 100 ## - MAIN ENTRY--PERSONAL NAME | |
| Personal name | Maccarone, Grace |
| 245 ## - TITLE STATEMENT | |
| Title | First grade friends : Softball practice. |
| 260 ## - PUBLICATION, DISTRIBUTION, ETC. (IMPRINT) | |
| Place of publication, distribution, etc | New York : |
| Name of publisher, distributor, etc | Scholastic , |
| Date of publication, distribution, etc | 2001. |
| 440 ## - SERIES STATEMENT/ADDED ENTRY--TITLE | |
| Title | First grade friends |
| Withdrawn status | Lost status | Damaged status | Home library | Current library | Shelving location | Date acquired | Source of acquisition | Total Checkouts | Full call number | Barcode | Date last seen | Price effective from | Koha item type |
|---|---|---|---|---|---|---|---|---|---|---|---|---|---|
| Munich Library | Munich Library | Teachers Reference Section | 03/15/2011 | TR F51 2001 | M5046 | 04/14/2014 | 04/14/2014 | Books |